[Event "PNWCC vs Vrsac Hybrid"]
[Site "Chess.com INT"]
[Date "2022.08.11"]
[Round "6"]
[White "Miljkovic, Mihajlo"]
[Black "Zaloznyy, Mike"]
[Result "0-1"]
[WhiteElo "2207"]
[BlackElo "2191"]
[PlyCount "118"]
[EventDate "2022.08.09"]
[EventType "team-match"]
[EventRounds "6"]
[EventCountry "USA"]
[SourceTitle "EXT 2024"]
[Source "ChessBase"]
[SourceDate "2023.10.10"]
[SourceVersion "1"]
[SourceVersionDate "2023.10.10"]
[SourceQuality "1"]
[WhiteTeam "Vrsac"]
[BlackTeam "PNWCC"]
[WhiteTeamCountry "SRB"]
[BlackTeamCountry "USA"]

1. d4 Nf6 2. c4 b6 3. Nc3 Bb7 4. Bg5 e6 5. Qc2 h6 6. Bh4 Bb4 7. Nf3 0-0 8. e3 g5 9. Bg3 Ne4 10. Nd2 f5 11. f3 Nxg3 12. hxg3 Qf6 13. a3 Bxc3 14. Qxc3 c5 15. Nb3 d6 16. dxc5 dxc5 17. Qxf6 Rxf6 18. 0-0-0 Nc6 19. Rd7 Ba6 20. Rc7 Ne5 21. Nd2 Rf7 22. Rxf7 Nxf7 23. Kc2 Rd8 24. Be2 Kg7 25. Kc3 Ne5 26. f4 Nf7 27. g4 gxf4 28. exf4 Rd4 29. gxf5 exf5 30. g3 Nd6 31. Bd3 Bb7 32. Re1 Be4 33. Bf1 Ne8 34. Nb3 Rd7 35. Be2 Nf6 36. Nd2 Kf8 37. Nf1 Rg7 38. Bd3 Kf7 39. b4 Bxd3 40. Kxd3 Ne4 41. Re3 Kf6 42. Ke2 cxb4 43. axb4 Rc7 44. Kd3 Rd7+ 45. Kc2 Rd4 46. Ra3 Rxc4+ 47. Kd3 Rxb4 48. Rxa7 Rb3+ 49. Kd4 Nxg3 50. Nxg3 Rxg3 51. Rh7 Kg6 52. Rc7 Rb3 53. Rc6+ Kh5 54. Ke5 Rb5+ 55. Kd4 Kg4 56. Rxh6 Kxf4 57. Rh4+ Kg3 58. Rh8 f4 59. Rg8+ Kf2 0-1

[Event "PNWCC vs Vrsac Hybrid"]
[Site "Chess.com INT"]
[Date "2022.08.10"]
[Round "3"]
[White "Miljkovic, Mihajlo"]
[Black "Sivakumar, Shaaketh"]
[Result "1/2-1/2"]
[WhiteElo "2207"]
[BlackElo "2116"]
[PlyCount "101"]
[EventDate "2022.08.09"]
[EventType "team-match"]
[EventRounds "6"]
[EventCountry "USA"]
[SourceTitle "EXT 2024"]
[Source "ChessBase"]
[SourceDate "2023.10.10"]
[SourceVersion "1"]
[SourceVersionDate "2023.10.10"]
[SourceQuality "1"]
[WhiteTeam "Vrsac"]
[BlackTeam "PNWCC"]
[WhiteTeamCountry "SRB"]
[BlackTeamCountry "USA"]

1. d4 Nf6 2. c4 e6 3. Nc3 d5 4. cxd5 exd5 5. Bg5 Be7 6. Qc2 0-0 7. e3 b6 8. Bd3 h6 9. Bh4 c5 10. Nf3 Nc6 11. a3 Be6 12. 0-0 Rc8 13. Ba6 Rb8 14. Bb5 Rc8 15. Qa4 cxd4 16. exd4 Na5 17. Ba6 Ra8 18. Ne5 Nd7 19. Bxe7 Qxe7 20. Rae1 Nxe5 21. Rxe5 Qd6 22. Rfe1 Nc6 23. R5e3 Bd7 24. Bb5 a6 25. Bxc6 Bxc6 26. Qb3 b5 27. Re5 Rfd8 28. Na2 a5 29. Nc1 b4 30. Nd3 bxa3 31. bxa3 Rdb8 32. Qc3 Bb5 33. Nc5 Bc4 34. h3 Qc6 35. Qe3 Qd6 36. Qg3 Qc6 37. Re7 Re8 38. Ne6 g6 39. Nc5 Rxe7 40. Rxe7 Qf6 41. Qe3 Rb8 42. Re8+ Rxe8 43. Qxe8+ Kg7 44. Nd7 Qd6 45. Ne5 Qf6 46. f3 Qf4 47. Nc6 Qc1+ 48. Kh2 Qf4+ 49. Kg1 Qc1+ 50. Kh2 Qf4+ 51. Kg1 1/2-1/2

[Event "EU-Cup 36th"]
[Site "Struga"]
[Date "2021.09.22"]
[Round "5.3"]
[White "Miljkovic, Mihajlo"]
[Black "Lobersli, Henrik Oie"]
[Result "1-0"]
[WhiteElo "2217"]
[BlackElo "1987"]
[PlyCount "83"]
[EventDate "2021.09.18"]
[EventType "team-swiss"]
[EventRounds "7"]
[EventCountry "MKD"]
[SourceTitle "CBM 204 Extra"]
[Source "ChessBase"]
[SourceDate "2021.11.30"]
[SourceVersion "1"]
[SourceVersionDate "2021.11.30"]
[SourceQuality "1"]
[WhiteTeam "Gostivar"]
[BlackTeam "Baerum"]
[WhiteTeamCountry "MKD"]
[BlackTeamCountry "NOR"]

1. d4 Nf6 2. c4 e6 3. Nc3 Bb4 4. Qc2 0-0 5. e4 d5 6. e5 Ne4 7. Bd3 c5 8. cxd5 exd5 9. Nge2 Nc6 10. 0-0 Bf5 11. f3 Nxc3 12. bxc3 Bxd3 13. Qxd3 Ba5 14. Ba3 Bb6 15. f4 Qe7 16. Qf3 Rad8 17. Qf2 Na5 18. dxc5 Nc4 19. cxb6 Qxa3 20. bxa7 Ra8 21. Rfd1 Rfd8 22. Nd4 Qxa7 23. Nb5 Qxf2+ 24. Kxf2 Ra5 25. a4 g5 26. g3 Kg7 27. Rd4 Kg6 28. Kf3 h5 29. h3 g4+ 30. hxg4 hxg4+ 31. Kxg4 Ne3+ 32. Kf3 Nc2 33. f5+ Kxf5 34. Rf4+ Kxe5 35. Rc1 Rxb5 36. axb5 Na3 37. Rxf7 Nxb5 38. Rxb7 Nd6 39. Re7+ Kf6 40. Ree1 Ne4 41. Rxe4 dxe4+ 42. Kxe4 1-0

[Event "SRB Central-chT qual"]
[Site "Nis"]
[Date "2014.10.04"]
[Round "5"]
[White "Zivic, Jovan"]
[Black "Miljkovic, Mihajlo"]
[Result "1/2-1/2"]
[WhiteElo "2030"]
[BlackElo "2263"]
[PlyCount "51"]
[EventDate "2014.10.02"]
[EventType "team-tourn"]
[EventRounds "7"]
[EventCountry "SRB"]
[SourceTitle "CBM 163 Extra"]
[Source "ChessBase"]
[SourceDate "2014.12.23"]
[SourceVersion "1"]
[SourceVersionDate "2014.12.23"]
[SourceQuality "1"]

1. d4 d5 2. Nf3 Nf6 3. h3 c5 4. c3 Nc6 5. Bf4 Qb6 6. Bc1 Bf5 7. e3 e6 8. Bd3 Bxd3 9. Qxd3 Ne4 10. 0-0 Be7 11. a3 c4 12. Qd1 0-0 13. Nfd2 f5 14. b3 cxb3 15. Qxb3 Qa6 16. a4 Na5 17. Qb5 Qxb5 18. axb5 b6 19. f3 Nxd2 20. Nxd2 Rfc8 21. Bb2 Rc7 22. Ra4 Nb7 23. Ba3 Bxa3 24. Rxa3 Nd6 25. Rb1 Rac8 26. Rbb3 1/2-1/2

[Event "SRB Central-chT qual"]
[Site "Nis"]
[Date "2014.10.02"]
[Round "1"]
[White "Miljkovic, Mihajlo"]
[Black "Ristic, Milan"]
[Result "1-0"]
[WhiteElo "2263"]
[BlackElo "2129"]
[PlyCount "137"]
[EventDate "2014.10.02"]
[EventType "team-tourn"]
[EventRounds "7"]
[EventCountry "SRB"]
[SourceTitle "CBM 163 Extra"]
[Source "ChessBase"]
[SourceDate "2014.12.23"]
[SourceVersion "1"]
[SourceVersionDate "2014.12.23"]
[SourceQuality "1"]

1. d4 Nf6 2. c4 e6 3. Nc3 d5 4. Bg5 Be7 5. e3 0-0 6. cxd5 Nxd5 7. Bxe7 Qxe7 8. Qc2 Nxc3 9. Qxc3 c6 10. Nf3 Rd8 11. Be2 Bd7 12. 0-0 Be8 13. Rac1 Nd7 14. a3 f6 15. Rfd1 Bf7 16. Bc4 Nb6 17. Ba2 Nd5 18. Qc2 Bh5 19. Qe2 Kh8 20. Bb1 g6 21. h3 Bxf3 22. Qxf3 Rd7 23. g3 Rad8 24. Kg2 f5 25. Ba2 e5 26. Bb3 e4 27. Qe2 g5 28. Qh5 f4 29. Re1 Rf8 30. exf4 gxf4 31. Qe5+ Qxe5 32. dxe5 fxg3 33. fxg3 Rf3 34. Bxd5 cxd5 35. Rcd1 Rd3 36. e6 Re7 37. Rxd3 exd3 38. Kf3 Kg7 39. Re5 d4 40. Re4 Kf6 41. Rxd4 Rxe6 42. Rxd3 Rb6 43. b4 a5 44. bxa5 Rb5 45. Rd6+ Kf5 46. Rh6 Rb3+ 47. Kf2 Rb2+ 48. Ke3 Rb3+ 49. Kd4 Rxg3 50. Rxh7 Rxa3 51. Rh5+ Ke6 52. Kc4 Kd6 53. Rh6+ Kc7 54. Kb4 Rf3 55. Rh4 Rf1 56. Rc4+ Kd6 57. Kb5 Rb1+ 58. Rb4 Ra1 59. Kb6 Kd7 60. h4 Kc8 61. h5 Rf1 62. Rc4+ Kb8 63. Rh4 Rf6+ 64. Kc5 Rh6 65. Kd5 Ka7 66. Ke5 Ka6 67. Kf5 Kxa5 68. Kg5 Rh8 69. Kg6 1-0

[Event "Nis op"]
[Site "Nis"]
[Date "2012.03.15"]
[Round "5"]
[White "Miljkovic, Mihajlo"]
[Black "Maksimovic, Branimir"]
[Result "0-1"]
[WhiteElo "2274"]
[BlackElo "2457"]
[PlyCount "92"]
[EventDate "2012.03.11"]
[EventType "swiss"]
[EventRounds "9"]
[EventCountry "SRB"]
[SourceTitle "CBM 147 Extra"]
[Source "ChessBase"]
[SourceDate "2012.04.24"]
[SourceVersion "1"]
[SourceVersionDate "2012.04.24"]
[SourceQuality "1"]

1. d4 e6 2. Nf3 Nf6 3. Bf4 b6 4. e3 Bb7 5. Bd3 Be7 6. h3 d6 7. Nbd2 Nbd7 8. Qe2 a6 9. 0-0 Nd5 10. Bg3 Nb4 11. Be4 d5 12. Bd3 c5 13. a3 Nxd3 14. cxd3 0-0 15. Rac1 a5 16. Rc2 Ba6 17. Rfc1 a4 18. Nb1 c4 19. dxc4 Bxc4 20. Qe1 b5 21. Ne5 Nxe5 22. Bxe5 Re8 23. Nd2 Bf8 24. Bg3 Ra7 25. Kh1 Qf6 26. Nxc4 bxc4 27. Be5 Qg6 28. e4 Rb7 29. Re2 Rb5 30. f3 Qg5 31. Rcc2 Qd8 32. Bf4 dxe4 33. Rxe4 Qb6 34. Qe2 c3 35. bxc3 Rb1+ 36. Kh2 Bxa3 37. c4 Bd6 38. c5 Bxf4+ 39. Rxf4 Qb8 40. Qe5 Qb3 41. Re2 a3 42. Qh5 g6 43. Qh6 a2 44. Rxf7 Kxf7 45. Qxh7+ Kf6 46. Re4 Qb8+ 0-1

[Event "SRB-Cup"]
[Site "Valjevo"]
[Date "2011.05.20"]
[Round "5.3"]
[White "Miljkovic, Mihajlo"]
[Black "Indjic, Aleksandar"]
[Result "0-1"]
[WhiteElo "2300"]
[BlackElo "2323"]
[PlyCount "70"]
[EventDate "2011.05.16"]
[EventType "team-swiss"]
[EventRounds "7"]
[EventCountry "YUG"]
[SourceTitle "CBM 142 Extra"]
[Source "ChessBase"]
[SourceDate "2011.06.27"]
[SourceVersion "1"]
[SourceVersionDate "2011.06.27"]
[SourceQuality "1"]
[WhiteTeam "Nis"]
[BlackTeam "Belgrade Itaka"]
[WhiteTeamCountry "SRB"]
[BlackTeamCountry "SRB"]

1. d4 g6 2. c4 Bg7 3. Nc3 c5 4. d5 d6 5. e4 Nf6 6. f4 0-0 7. Nf3 e6 8. Be2 exd5 9. cxd5 Re8 10. Nd2 c4 11. a4 Nbd7 12. 0-0 Nc5 13. Bf3 b6 14. Qc2 Ba6 15. Nb5 Qd7 16. e5 dxe5 17. fxe5 Nxd5 18. Nxc4 Bxe5 19. Rd1 Bxb5 20. Bxd5 Bxc4 21. Qxc4 Rac8 22. Bh6 Ne6 23. Qa2 Qe7 24. Rd3 Rc2 25. Rf1 Rxb2 26. Qc4 Rb4 27. Qc1 Qc5+ 28. Qxc5 bxc5 29. Bxe6 fxe6 30. Rdf3 Rbb8 31. Rf7 c4 32. Rd7 c3 33. Re1 Bh8 34. g3 c2 35. Rc1 Rec8 0-1

[Event "Nis op"]
[Site "Nis"]
[Date "2009.04.01"]
[Round "8"]
[White "Necevski, Alesandar"]
[Black "Miljkovic, Mihajlo"]
[Result "1-0"]
[WhiteElo "2289"]
[BlackElo "2266"]
[PlyCount "57"]
[EventDate "2009.03.25"]
[EventType "swiss"]
[EventRounds "9"]
[EventCountry "YUG"]
[SourceTitle "CBM 129 Extra"]
[Source "ChessBase"]
[SourceDate "2009.05.05"]
[SourceVersion "2"]
[SourceVersionDate "2009.05.20"]
[SourceQuality "1"]

1. d4 d5 2. c4 e6 3. Nc3 Be7 4. cxd5 exd5 5. Qc2 c6 6. Bf4 Bd6 7. Bxd6 Qxd6 8. e3 Ne7 9. Bd3 g6 10. f3 Bf5 11. e4 dxe4 12. fxe4 Bg4 13. Qf2 Nd7 14. h3 Be6 15. Nge2 Nb6 16. 0-0 0-0 17. e5 Qb4 18. Ne4 Nbd5 19. Qh4 Kg7 20. Rf3 Nf5 21. Qf2 Rad8 22. g4 Nh6 23. Rf1 Qe7 24. Nf6 Ng8 25. Qh4 h6 26. g5 Qb4 27. Nxg8 Kxg8 28. Qxh6 Ne7 29. Rf4 1-0

[Event "SRB-chT 1st League"]
[Site "Vrnjacka Banja"]
[Date "2006.10.28"]
[Round "10.2"]
[White "Ikic, Alija"]
[Black "Miljkovic, Mihajlo"]
[Result "1/2-1/2"]
[WhiteElo "2142"]
[BlackElo "2280"]
[PlyCount "72"]
[EventDate "2006.09.09"]
[EventType "team"]
[EventRounds "11"]
[EventCountry "SRB"]
[SourceTitle "EXT 2012"]
[Source "ChessBase"]
[SourceDate "2011.11.24"]
[SourceVersion "1"]
[SourceVersionDate "2011.11.24"]
[SourceQuality "1"]
[WhiteTeam "Novi Pazar INA Dizajn"]
[BlackTeam "Nis"]
[WhiteTeamCountry "SRB"]
[BlackTeamCountry "SRB"]

1. d4 d5 2. c4 e6 3. Nc3 Nf6 4. Bg5 Nbd7 5. cxd5 exd5 6. e3 c6 7. Bd3 Be7 8. Nf3 0-0 9. 0-0 Re8 10. Qc2 Nf8 11. Rab1 a5 12. a3 Bd6 13. Bf5 Bxf5 14. Qxf5 Qd7 15. Qxd7 N6xd7 16. a4 f5 17. Bf4 Bxf4 18. exf4 Ne6 19. g3 Ra6 20. Rfd1 Rb6 21. b3 g6 22. Rd3 Kg7 23. Nd1 Nf6 24. Ne3 Nc7 25. Ne5 Re7 26. f3 Ne6 27. Rc1 Nd7 28. Kf2 Nb8 29. Nc2 Na6 30. Ne3 Rb4 31. Rcd1 Rb6 32. Rc1 Nb8 33. Nc2 Na6 34. Ne3 Nb8 35. Nc2 Na6 36. Ne3 Nb8 1/2-1/2

[Event "SRB-chT 1st League"]
[Site "Vrnjacka Banja"]
[Date "2006.10.27"]
[Round "9.3"]
[White "Miljkovic, Mihajlo"]
[Black "Novakovic, Nemanja"]
[Result "0-1"]
[WhiteElo "2280"]
[BlackElo "2194"]
[PlyCount "71"]
[EventDate "2006.09.09"]
[EventType "team"]
[EventRounds "11"]
[EventCountry "SRB"]
[SourceTitle "EXT 2012"]
[Source "ChessBase"]
[SourceDate "2011.11.24"]
[SourceVersion "1"]
[SourceVersionDate "2011.11.24"]
[SourceQuality "1"]
[WhiteTeam "Nis"]
[BlackTeam "Ljig Spartak"]
[WhiteTeamCountry "SRB"]
[BlackTeamCountry "SRB"]

1. d4 e6 2. c4 Bb4+ 3. Nc3 Nf6 4. Qc2 Bxc3+ 5. bxc3 Qe7 6. e4 d6 7. Bd3 e5 8. Ne2 c5 9. f4 b6 10. 0-0 h5 11. fxe5 dxe5 12. Bg5 Nbd7 13. Ng3 cxd4 14. cxd4 Nf8 15. Nf5 Bxf5 16. Rxf5 N8d7 17. Raf1 Qd6 18. dxe5 Nxe5 19. Be2 Nfd7 20. Kh1 f6 21. Be3 g6 22. R5f2 0-0 23. h3 Kg7 24. Rd1 Qe7 25. Rd5 Rac8 26. Qd2 Nc5 27. Bh6+ Kh7 28. Bxf8 Rxf8 29. Qf4 Kg7 30. Rf1 Rf7 31. Rfd1 a5 32. Rd6 Ncd7 33. Qd2 b5 34. Qf4 f5 35. exf5 Rxf5 36. Qd4 0-1